000 00986nam a2200289Ia 4500
005 20220317000546.0
008 160601s2005 ck a g 000 0 spa
020 _a9580413487
100 1 _aGordimer, Nadine
_d1923-
245 1 3 _aLa historia de mi hijo
_cNadine Gordimer ; traducido por Hernando Valencia Goelkel
250 _a1a. edición
_b3a. reimpresión
300 _a328 páginas
_c21 cm
490 _aLa otra orilla
534 _tMy son's Story
650 1 4 _2LEMB
_aNovela sudafricana
_ySiglo XX
650 1 4 _2LEMB
_aLiteratura sudafricana
_ySiglo XX
650 1 4 _2LEMB
_aAmor en la literatura
650 1 4 _2LEMB
_aDiscriminación racial en la literatura
700 1 _aValencia Goelkel, Hernando
_etraductor
_948160
942 _2loc
_cBKLIT
264 _aBogotá
_bNorma
_c2005
336 _atexto
_btxt
_2rdacontent
337 _asin mediación
_bn
_2rdamedia
338 _avolumen
_bnc
_2rdacarrier
040 _aCO-BoRNBP
_bspa
_erda
_cCO-BoRNBP
084 _aN GOR4
999 _c4386
_d4386